00757nam a22001697a 450000500170000001000150001702000270003203500140005903700090007308200080008210000230009024501310011326000970024427001870034130000560052870000030058420241014155719.0 aHIN-128602 c450.00a97881721662069 aHN-100948 bDBAD a796 aहेमलता aशारीरिक क्षमता स्वास्थ्य एंव चिकित्सा /cहेमलता a नई दिल्ली bफ्रेन्डज पब्लिकेशनज c2019 a101-103,4787/23, अंसारी रोड , दरियागंज bनई दिल्ली e110002k011-23246222k23246333k9811197091mfriendspublicationsindia@gmail.com a104पेज.c23 सेमी (सजिल्द)